Fundamentals of ground water

Bewaard in:
Bibliografische gegevens
Hoofdauteurs: Schwartz, Franklin W (Auteur), Zhang, Hubao (Auteur)
Formaat: Boek
Taal:Engels
Gepubliceerd in: Nueva York John Wiley 2003
Editie:1a. ed
Onderwerpen:
Tags: Voeg label toe
Geen labels, Wees de eerste die dit record labelt!

MARC

LEADER 00000nam a2200000 a 4500
001 UCH9934
003 CL-VaPUC
008 100304e20030000US |||||||||||||||||eng|d
020 |a 0471137855 
082 0 4 |a 551.49  |b SCH  |2 21 
100 0 |a Schwartz, Franklin W  |e author  |9 547246 
700 0 |a Zhang, Hubao  |e author  |9 547247 
245 1 0 |a Fundamentals of ground water 
250 |a 1a. ed 
300 |a 583 p 
942 |c BK 
945 |d 20100304 00:00:00  |a cmena 
260 |a Nueva York  |b John Wiley  |c 2003 
650 0 |a Aguas subterráneas  |9 260378 
650 0 |a Abastecimiento de agua  |9 260374 
650 0 |a Propiedades del agua  |9 354576 
650 0 |a Hidrogeología   |9 262905 
650 0 |a Propiedades del suelo  |9 350106 
583 |a last modification  |c 20100304 00:00:00  |k Rodrigo Vera 
999 |c 339758  |d 339756 
952 |0 0  |1 0  |4 0  |6 551_490000000000000_SCH_2003  |7 0  |8 A  |9 433602  |a BIBING  |b BIBING  |d 2019-11-22  |i 4649613  |o 551.49 SCH 2003  |p 4649613  |r 2025-01-20  |w 2019-11-22  |y BK  |k CIC